Statistics for Districts of Manisa (Manisa'nın ilçeleri).

Click here to take the quiz!

General Stats

  • This quiz has been taken 43 times
  • The average score is 12 of 17

Answer Stats

Population (Nüfus)District (İlçe)% Correct
165.113Salihli
100%
175.401Turgutlu
100%
16.963Ahmetli
88%
177.419Akhisar
83%
43.227Kula
79%
167.227Şehzadeler
79%
111.789Soma
79%
266.514Yunusemre
79%
104.717Alaşehir
75%
36.620Demirci
67%
37.645Kırkağaç
67%
19.203Selendi
67%
15.193Gölmarmara
63%
56.523Saruhanlı
58%
26.458Gördes
50%
12.730Köprübaşı
46%
35.537Sarıgöl
46%

Score Distribution

Percentile by Number Answered

Percent of People with Each Score

Your Score History

You have not taken this quiz